History Quiz

Random History or War Quiz

The War Years (1939-1945) Quiz Stats

 Plays Quiz Updated Oct 10, 2012

Challenge
Share
Tweet
Embed
Score 0/53 Timer 05:00
0 Plays Today
% Correct
Franklin D. Roosevelt
83.4%
Winston Churchill
82.7%
New York Yankees
81%
New York Yankees
81%
New York Yankees
81%
Joseph Stalin
80.7%
Harry Truman
70.7%
Omaha
62.8%
Neville Chamberlain
56.7%
Who
56.3%
What
54.5%
Gone With the Wind
51.7%
Cincinnati Reds
50.6%
St. Louis Cardinals
46.2%
St. Louis Cardinals
46.2%
Juno
44.3%
London
42.6%
Casablanca
39.9%
Utah
38.8%
I Don't Know
35.8%
Gold
35.4%
Sword
32.5%
Detroit Tigers
30.3%
Plutonium
26%
Tokyo
21.1%
Clement Attlee
14.4%
Today
12.7%
% Correct
The Grapes of Wrath
12.4%
I Don't Give a Darn
10.2%
How Green Was My Valley
10.1%
Mrs. Miniver
9.9%
Rebecca
8.6%
Neptunium
7.7%
Curium
7.5%
Americium
6.8%
Going My Way
6.2%
The Lost Weekend
5.7%
Francium
5.6%
Chattanooga Choo-Choo
5.2%
String of Pearls
4.6%
That Old Black Magic
2.7%
Astatine
1.8%
Sapporo
1.8%
Promethium
1.7%
Kalamazoo
1.3%
The Yearling
1.2%
Dragon's Teeth
1.2%
Cortina d'Ampezzo
1.1%
In This Our Life
1%
A Bell for Adano
1%
Journey in the Dark
0.8%
Moonlight Cocktail
0.6%
Song of the Volga Boatmen
0.5%

You're not logged in!

Compare scores with friends on all Sporcle quizzes.
OR
Log In

You Might Also Like...

Show Comments

Extras

Top Quizzes Today


Score Distribution

Your Account Isn't Verified!

In order to create a playlist on Sporcle, you need to verify the email address you used during registration. Go to your Sporcle Settings to finish the process.

Report this User

Report this user for behavior that violates our Community Guidelines.

Details: